| 000 | 00466nam a22001817a 4500 | ||
|---|---|---|---|
| 003 | MPLRDC | ||
| 005 | 20220104114153.0 | ||
| 008 | 210129b ||||| |||| 00| 0 eng d | ||
| 082 | _a831.4 ZGGD v.12 | ||
| 100 | _a廖玉蕙选注 | ||
| 245 |
_a一竿烟雨 _c |
||
| 250 | _a三版 | ||
| 260 |
_a _b时报文化出版事业有限 _c1985 |
||
| 300 | _b平 | ||
| 490 | _a中国古典文学赏析精选. 12 | ||
| 650 | _a中国诗总集 | ||
| 942 |
_cBK _o831.4 ZGGD v.12 |
||
| 999 |
_c5383 _d5373 |
||